000 01147nam0a22002651 4500
001 rc\4475953
005 20250612093623.0
021 _aRU
_b[67-53976]
035 _a(NLR Aleph) 008599213
090 _a8693162
_c8693162
100 _a20130416d1967 |||y0rusy50 ca
101 0 _arus
102 _aRU
105 _aa z |||||
200 1 _aО натурных испытаниях долговечности деталей и агрегатов машин
_fНауч.-техн. о-во машиностроит. пром-сти. Ун-т техн. прогресса в машиностроении. Заоч. курсы усовершенствования инженеров-конструкторов
210 _aМосква
_cМашиностроение
_d1967
215 _a83 с.
_cил.
_d21
320 _aБиблиогр.: с. 81-82 (43 назв.)
606 _aДетали машин
_xИспытания на долговечность
_2psbo
700 1 _aКугель
_bР.В.
_gРафаил Викторович
801 0 _aRU
_bNLR
_gpsbo
801 1 _aRU
_bELAR
_2rusmarc
852 _aNLR
_j67-6/8497
942 _cBOOK
980 _aNB